Increasing the efficiency of the nuclear power plants; Интеллектуальные энергосистемы; Т. 2

Bibliografiske detaljer
Parent link:Интеллектуальные энергосистемы: труды V Международного молодёжного форума, 9-13 октября 2017 г., г. Томск/ Национальный исследовательский Томский политехнический университет (ТПУ), Энергетический институт (ЭНИН).— , 2017
Т. 2.— 2017.— [С. 3-5]
Hovedforfatter: Golovina L. S.
Institution som forfatter: Национальный исследовательский Томский политехнический университет (ТПУ) Энергетический институт (ЭНИН) Кафедра атомных и тепловых электростанций (АТЭС)
Andre forfattere: Lavrinenko S. V. Sergey Viktorovich (научный руководитель)
Summary:Заглавие с титульного экрана
Sprog:engelsk
Udgivet: 2017
Serier:Повышение эффективности работы тепловых и атомных электростанций
Fag:
Online adgang:http://earchive.tpu.ru/handle/11683/45219
Format: MixedMaterials Electronisk Book Chapter
KOHA link:https://koha.lib.tpu.ru/cgi-bin/koha/opac-detail.pl?biblionumber=625470

MARC

LEADER 00000naa2a2200000 4500
001 625470
005 20231214133008.0
035 |a (RuTPU)RU\TPU\conf\24730 
035 |a RU\TPU\conf\24708 
090 |a 625470 
100 |a 20171214d2017 k y0rusy50 ba 
101 0 |a eng 
102 |a RU 
105 |a y z 101zy 
135 |a drgn ---uucaa 
181 0 |a i  
182 0 |a b 
200 1 |a Increasing the efficiency of the nuclear power plants  |f L. S. Golovina  |g sci. adv. S. V. Lavrinenko 
203 |a Текст  |c электронный 
225 1 |a Повышение эффективности работы тепловых и атомных электростанций 
300 |a Заглавие с титульного экрана 
320 |a [Библиогр.: с. 5 (3 назв.)] 
461 1 |0 (RuTPU)RU\TPU\conf\24578  |t Интеллектуальные энергосистемы  |o труды V Международного молодёжного форума, 9-13 октября 2017 г., г. Томск  |o в 3 т.  |f Национальный исследовательский Томский политехнический университет (ТПУ), Энергетический институт (ЭНИН)  |d 2017 
463 1 |0 (RuTPU)RU\TPU\conf\24582  |t Т. 2  |v [С. 3-5]  |d 2017 
610 1 |a электронный ресурс 
610 1 |a труды учёных ТПУ 
610 1 |a эффективность 
610 1 |a атомные электрические станции 
610 1 |a атомные электростанции 
610 1 |a сепараторы 
610 1 |a пароохладители 
610 1 |a турбины 
610 1 |a влажность 
700 1 |a Golovina  |b L. S. 
702 1 |a Lavrinenko  |b S. V.  |c specialist in the field of power engineering  |c senior lecturer of Tomsk Polytechnic University  |f 1986-  |g Sergey Viktorovich  |4 727  |9 18905 
712 0 2 |a Национальный исследовательский Томский политехнический университет (ТПУ)  |b Энергетический институт (ЭНИН)  |b Кафедра атомных и тепловых электростанций (АТЭС)  |3 (RuTPU)RU\TPU\col\18683 
801 2 |a RU  |b 63413507  |c 20171219  |g RCR 
856 4 |u http://earchive.tpu.ru/handle/11683/45219 
942 |c BK